| 000 | 00490nam a2200181Ia 4500 | ||
|---|---|---|---|
| 001 | 11029 | ||
| 005 | 20260306161916.0 | ||
| 008 | 260306t2005||||xx |||||||||||||| ||spa|| | ||
| 041 | _aESP | ||
| 082 |
_a985.001 _bD95 |
||
| 100 |
_aDrinot, Paulo (ed.) _eAUT |
||
| 245 | 0 |
_aMás allá de la dominación y la resistencia: _bEstudios de historia peruana, siglos XVI-XX |
|
| 260 | _c2005 | ||
| 300 |
_a379 páginas : _c20 cm. |
||
| 650 | _aGEN | ||
| 654 | _aCHU | ||
| 942 |
_cLIB _dJUS _fJUS _2ddc _n |
||
| 999 |
_c11029 _d11029 |
||